000 00615nam a22001577a 4500
003 OSt
005 20171010095442.0
008 120613t xxu||||| |||| 00| 0 eng d
040 _aMMSU
_cULS
100 _aCabacungan, Kathleen A.
_910256
245 _aComparative study of biodegradable plastic produced using cadena de amor, cassava, sweet potato and taro as an additive
_cKathleen A. Cabacungan
300 _aix, 38 leaves
_c28 cm.
500 _aThesis (BS Chemical Engineering) -- Mariano Marcos State University-College of Engineering, Batac City
504 _aBibliography: leaves 29-30
942 _2ddc
_cTHEDIS
999 _c9555
_d9555